[Event "Tournoi n27384"]
[Site "www.echecsemail.com"]
[Date "2026.02.12"]
[Round "1"]
[White "Sam94"]
[Black "Patau"]
[WhiteElo "1490"]
[BlackElo "1700"]
[Result "1/2-1/2"]
1.d4 d5
2.c4 e6
3.Nb1c3 Ng8f6
4.Bc1f4 Bf8d6
5.Bf4g5 h6
6.Bg5e3 dxc4
7.Qd1a4 Bc8d7
8.Qa4xc4 Nb8c6
9.Ng1h3 O-O
10.Nh3f4 Nc6a5
11.Qc4d3 e5
12.Nf4d5 Na5c6
13.Nd5xf6 Qd8xf6
14.Nc3e4 Qf6g6
15.h4 exd4
16.Be3xd4 Nc6xd4
17.Qd3xd4 Bd7c6
18.Ne4xd6 Qg6xd6
19.Qd4xd6 cxd6
20.Ra1d1 d5
21.e3 Rf8e8
22.Bf1d3 d4
23.O-O dxe3
24.fxe3 Re8xe3
25.Bd3c4 Re3e7
26.Rf1f4 Ra8e8
27.Rd1f1 g5
28.Bc4xf7 Re7xf7
29.Rf4xf7 Re8e2
30.Rf7f8 Kg7
31.Rf1f7 Kg6
32.g4 Re2g2
33.Kf1 Rg2xg4
34.Rf7f6 Kh5
35.Rf8h8 Rg4xh4
36.Rh8xh6 Kg4
37.Rh6xh4 Kxh4
38.Rf6h6 Kg3
39.Ke2 g4
40.Rh6g6 Bc6f3
41.Ke3 a5
42.Rg6b6 Kh2
43.Kf4 g3
44.Kxf3 g2
45.Rb6g6 g1Q
46.Rg6xg1 Kxg1
47.Ke3 Kf1
48.Kd2 Kf2
49.Kc3 Ke3
50.a4 b6
51.Kc4 Kd2
52.Kb5 Kc2
53.Kxb6 Kxb2
54.Kb5 Kb3
55.Kxa5 Kc4
56.Ka6 Kc5
57.a5 Kc6
58.Ka7 Kc7
59.a6 Kc8
60.Kb6 Kb8
61.a7 Ka8
62.Ka6 1/2-1/2

[Event "Coupe Niveau 5"]
[Site "www.echecsemail.com"]
[Date "2026.02.12"]
[Round "1"]
[White "Onetwoyve"]
[Black "Alain64"]
[WhiteElo "1940"]
[BlackElo "2060"]
[Result "0-1"]
1.e4 c5
2.Bf1c4 e6
3.Nb1c3 a6
4.a4 Nb8c6
5.Ng1f3 Ng8f6
6.O-O d5
7.exd5 exd5
8.Rf1e1 Bf8e7
9.Bc4a2 O-O
10.d4 h6
11.dxc5 d4
12.Nc3e2 Be7xc5
13.c3 dxc3
14.Ne2xc3 Bc8g4
15.Qd1xd8 Ra8xd8
16.Nf3e5 Nc6xe5
17.Re1xe5 Bc5d4
18.Re5e1 Bd4xc3
19.bxc3 Rf8e8
20.Re1xe8 Rd8xe8
21.Bc1e3 Bg4d7
22.Ba2b3 Bd7c6
23.Ra1d1 Nf6g4
24.Be3d4 Re8e2
25.h3 Ng4e5
26.Bd4xe5 Re2xe5
27.Rd1d8 Re5e8
28.Rd8xe8 Bc6xe8
29.f4 Kf8
30.Kf2 Ke7
31.Ke3 f6
32.Kd4 Kd6
33.h4 g5
34.hxg5 fxg5
35.f5 Be8d7
36.Bb3c2 b5
37.axb5 axb5
38.g4 Bd7e8
39.Bc2d1 Be8d7
40.Bd1e2 Bd7e8
41.f6 Ke6
42.Kc5 Kxf6
43.Be2xb5 Be8xb5
44.Kxb5 h5
45.gxh5 g4
46.h6 g3
47.h7 Kg7
{ abandon }0-1

[Event "Tournoi n27415"]
[Site "www.echecsemail.com"]
[Date "2026.02.12"]
[Round "1"]
[White "Verson"]
[Black "Chevalice"]
[WhiteElo "1820"]
[BlackElo "1670"]
[Result "1/2-1/2"]
1.d4 d5
2.Ng1f3 e6
3.e3 Ng8f6
4.Nb1c3 Bf8d6
5.Bf1d3 Nf6e4
6.Nc3xe4 dxe4
7.Bd3xe4 f5
8.Be4d3 O-O
9.O-O b6
10.b3 Bc8b7
11.Bc1b2 Bb7xf3
12.Qd1xf3 Nb8d7
13.e4 fxe4
14.Qf3xe4 Nd7f6
15.Qe4h4 g6
16.d5 e5
17.Rf1e1 Nf6xd5
18.Qh4c4 c6
19.Qc4xc6 Bd6c5
20.Bb2xe5 Bc5xf2
21.Kh1 Bf2xe1
22.Ra1xe1 Ra8c8
23.Qc6e6 Rf8f7
24.Re1f1 Qd8d7
25.Qe6xd7 Rf7xd7
26.Bd3c4 Rc8f8
27.Rf1xf8 Kxf8
28.Kg1 Nd5e7
29.Bc4d3 a5
30.Kf2 Ne7d5
31.g3 Nd5b4
32.Ke3 Nb4xa2
33.Be5d4 Na2b4
34.Bd4xb6 Nb4xd3
35.cxd3 Rd7d5
36.Bb6c7 Kf7
37.d4 h5
38.Kd3 Ke6
39.Kc4 g5
40.h4 g4
41.Bc7e5 Rd5d7
42.Be5f4 Rd7d5
43.Bf4e5 Rd5d7
{ nul }1/2-1/2

[Event "Défi"]
[Site "www.echecsemail.com"]
[Date "2026.02.12"]
[Round "1"]
[White "Kawa750"]
[Black "Vvvv"]
[WhiteElo "1740"]
[BlackElo "1710"]
[Result "1-0"]
1.g4 e5
2.Bf1g2 Bf8c5
3.c4 d6
4.Nb1c3 Ng8f6
5.g5 Bc5xf2
6.Kxf2 Nf6g4
7.Ke1 Qd8xg5
8.d3 Qg5f5
9.Ng1f3 c6
10.Nc3e4 Qf5d7
11.h3 Ng4f6
12.Ne4xf6 gxf6
13.Qd1b3 O-O
14.Bc1d2 Nb8a6
15.Bd2e3 c5
16.Rh1g1 Kh8
17.Qb3c3 Rf8g8
18.Kd2 Qd7a4
19.b3 Qa4a3
20.Qc3c2 Na6b4
21.Qc2b1 e4
22.Nf3h4 exd3
23.exd3 Qa3a5
24.Ke2 d5
25.Bg2xd5 Rg8xg1
26.Qb1xg1 Nb4xa2
27.Kf3 Bc8e6
28.Qg1f2 Be6xd5
29.Kg3 Ra8g8
30.Kh2 Qa5c7
31.Be3f4 Qc7c6
32.cxd5 Qc6xd5
33.Ra1xa2 a6
34.Ra2b2 a5
35.Qf2e3 Qd5c6
36.Qe3e4 { abandon }1-0

[Event "Tournoi n27429"]
[Site "www.echecsemail.com"]
[Date "2026.02.12"]
[Round "1"]
[White "Wenoketo"]
[Black "Nogean"]
[WhiteElo "1680"]
[BlackElo "1680"]
[Result "0-1"]
1.d4 Ng8f6
2.Ng1f3 g6
3.e3 Bf8g7
4.Bf1e2 c5
5.dxc5 Qd8a5
6.Bc1d2 Qa5xc5
7.Nb1c3 O-O
8.O-O d6
9.a3 Nb8d7
10.h3 Qc5b6
11.Ra1b1 Qb6d8
12.Be2d3 a6
13.Rf1e1 Nd7c5
14.Bd3e2 b5
15.b4 Nc5e4
16.Nc3xe4 Nf6xe4
17.Qd1c1 Ne4xd2
18.Nf3xd2 Bc8b7
19.Be2f3 Bb7xf3
20.Nd2xf3 Ra8a7
21.Re1d1 Ra7c7
22.Nf3e1 Qd8c8
23.Qc1d2 d5
24.Rd1c1 Bg7h6
25.Qd2e2 d4
26.Qe2d3 dxe3
27.fxe3 Rf8d8
28.Qd3b3 Rc7c3
29.Qb3a2 Bh6xe3
30.Kh1 Be3xc1
31.Rb1xc1 Qc8c7
32.Ne1f3 Rd8c8
33.Nf3g5 Qc7f4
{ abandon }0-1

[Event "Défi"]
[Site "www.echecsemail.com"]
[Date "2026.02.12"]
[Round "1"]
[White "Pgo"]
[Black "Arno"]
[WhiteElo "1760"]
[BlackElo "1730"]
[Result "0-1"]
1.e4 Nb8c6
2.Ng1f3 f5
3.Bf1b5 fxe4
4.Bb5xc6 dxc6
5.Nf3g5 Ng8f6
6.O-O h6
7.Ng5h3 Bc8xh3
8.gxh3 Qd8d7
9.Nb1c3 Qd7xh3
10.f3 exf3
11.Rf1xf3 Qh3g4
12.Rf3g3 Qg4d4
13.Kh1 O-O-O
14.d3 e5
15.Bc1e3 Qd4b4
16.Qd1c1 e4
17.dxe4 Nf6xe4
18.Nc3xe4 Qb4xe4
19.Kg1 g5
20.c3 Bf8d6
21.Rg3g2 Rd8e8
22.Be3d4 Bd6f4
23.Qc1f1 Bf4e3
24.Bd4xe3 Qe4xe3
25.Kh1 Rh8f8
26.Qf1g1 Qe3e4
27.Qg1xa7 Rf8f6
28.Qa7a8 Kd7
29.Ra1d1 Rf6d6
30.Rd1xd6 Kxd6
31.Qa8xb7 Qe4f3
32.h3 Qf3xh3
33.Kg1 Re8e1
34.Kf2 Qh3e3
0-1

[Event "Défi"]
[Site "www.echecsemail.com"]
[Date "2026.02.12"]
[Round "1"]
[White "Bilitis"]
[Black "Verson"]
[WhiteElo "1760"]
[BlackElo "1820"]
[Result "0-1"]
1.d4 d5
2.Ng1f3 Ng8f6
3.Bc1g5 e6
4.Nb1c3 c6
5.e4 dxe4
6.Nc3xe4 Nb8d7
7.Bf1d3 Bf8e7
8.O-O O-O
9.Rf1e1 Nf6xe4
10.Bg5xe7 Qd8xe7
11.Re1xe4 Nd7f6
12.Re4e2 b6
13.Nf3e5 Bc8b7
14.c3 c5
15.Ra1c1 Ra8c8
16.a4 Qe7d6
17.dxc5 Qd6xc5
18.b4 Qc5c7
19.f3 Rf8d8
20.Qd1c2 h6
21.c4 Rd8d4
22.Rc1d1 Rc8d8
23.c5 bxc5
24.bxc5 Bb7a6
25.Re2e3 Ba6xd3
26.Ne5xd3 Qc7c6
27.Rd1a1 Qc6d5
28.Ra1d1 Qd5f5
29.c6 Rd8c8
30.Rd1c1 Nf6d5
31.Re3e4 Rd4xe4
32.fxe4 Qf5xe4
33.Rc1e1 Qe4d4
34.Kh1 Qd4c3
35.Qc2xc3 Nd5xc3
36.Nd3e5 Nc3xa4
37.Re1a1 f6
38.Ra1xa4 fxe5
39.Ra4a6 Rc8c7
40.Kg1 Kf7
41.Kf2 Ke7
42.Ke3 Kd6
43.Ke4 g5
44.g4 Rc7xc6
45.Ra6xa7 Rc6c4
46.Kf3 Rc4f4
47.Kg3 e4
48.Ra7a6 Ke5
49.Ra6a5 Kd4
50.Ra5a4 Kc3
51.Ra4a6 e5
52.Ra6e6 e3
53.Re6xe5 Kd2
54.Re5d5 Ke1
55.Rd5e5 e2
56.Re5e3 Kd2
57.Re3e6 e1Q
58.Re6xe1 Kxe1
59.h3 Ke2
60.Kg2 Rf4f3
61.Kh2 Kf2
62.h4 gxh4
63.Kh1 Rf3h3
0-1

[Event "IL ETAIT UNE FOIS"]
[Site "www.echecsemail.com"]
[Date "2026.02.12"]
[Round "1"]
[White "Pgo"]
[Black "Katastrofic"]
[WhiteElo "1720"]
[BlackElo "1490"]
[Result "1-0"]
1.e4 e5
2.Ng1f3 Nb8c6
3.Nb1c3 Ng8f6
4.a3 d6
5.h3 Bf8e7
6.Bf1b5 Bc8d7
7.d3 a6
8.Bb5xc6 Bd7xc6
9.O-O O-O
10.Bc1g5 h6
11.Bg5h4 Nf6h7
12.Bh4xe7 Qd8xe7
13.Rf1e1 Nh7g5
14.b4 b5
15.Nf3h4 Ng5h7
16.Nh4f5 Qe7d8
17.Qd1g4 Qd8g5
18.Qg4xg5 Nh7xg5
19.Nf5e7 Kh7
20.Ne7xc6 { abandon }1-0

[Event "Tournoi n27440"]
[Site "www.echecsemail.com"]
[Date "2026.02.12"]
[Round "1"]
[White "Desaintfegor"]
[Black "Verson"]
[WhiteElo "1810"]
[BlackElo "1810"]
[Result "1-0"]
1.d4 d5
2.c4 c6
3.cxd5 cxd5
4.Nb1c3 Ng8f6
5.Ng1f3 e6
6.e3 Nb8c6
7.Bf1b5 Bc8d7
8.O-O Bf8d6
9.Bb5d3 Ra8c8
10.a3 O-O
11.Rf1e1 e5
12.Bd3f1 e4
13.Nf3d2 Nf6g4
14.h3 Qd8h4
15.g3 Qh4g5
16.hxg4 Bd7xg4
17.Nc3e2 Qg5f5
18.Bf1g2 Nc6e7
19.Re1f1 Bg4h3
20.Ne2f4 Bd6xf4
21.exf4 Bh3g4
22.f3 exf3
23.Bg2xf3 Bg4xf3
24.Rf1xf3 Ne7c6
25.Nd2f1 Rf8e8
26.Nf1e3 Re8e6
27.Ne3xf5 { abandon }1-0

[Event "Défi"]
[Site "www.echecsemail.com"]
[Date "2026.02.12"]
[Round "1"]
[White "Baloo"]
[Black "Katastrofic"]
[WhiteElo "1480"]
[BlackElo "1460"]
[Result "1-0"]
1.e4 e5
2.Ng1f3 d6
3.c3 Bf8e7
4.d4 Ng8f6
5.dxe5 dxe5
6.Bf1e2 Qd8xd1
7.Be2xd1 a6
8.Bd1c2 Nb8c6
9.O-O O-O
10.Rf1e1 Bc8g4
11.Nb1d2 Bg4xf3
12.Nd2xf3 Ra8d8
13.a3 Be7c5
14.Re1f1 Rd8d7
15.b4 Rf8d8
16.Bc1g5 Bc5e7
17.Bg5xf6 Be7xf6
18.Ra1b1 h6
19.a4 b5
20.a5 Nc6e7
21.g3 g5
22.Kg2 g4
23.Nf3g1 Rd7d2
24.Bc2b3 Rd8d3
25.Rb1c1 Rd2b2
26.Bb3d1 Bf6g5
27.Rc1c2 Rb2xc2
28.Bd1xc2 Rd3d2
29.Rf1c1 Rd2xf2
30.Kxf2 Kg7
31.Rc1d1 c6
32.Rd1d7 h5
33.Rd7a7 Kf6
34.Ra7xa6 { abandon }1-0

[Event "Défi"]
[Site "www.echecsemail.com"]
[Date "2026.02.12"]
[Round "1"]
[White "Jm29"]
[Black "Castor"]
[WhiteElo "1510"]
[BlackElo "1340"]
[Result "1-0"]
1.e4 c6
2.d4 g6
3.Ng1f3 Bf8g7
4.Nb1c3 d6
5.d5 Bc8g4
6.Bf1e2 Nb8d7
7.h3 Bg4xf3
8.Be2xf3 Nd7b8
9.O-O Ng8f6
10.dxc6 Nb8xc6
11.Nc3d5 e6
12.Nd5c3 O-O
13.Bc1g5 Qd8b6
14.Ra1b1 Qb6a5
15.Bg5d2 Qa5d8
16.Bd2g5 Qd8b6
17.a3 Nf6d7
18.Bg5e3 Qb6c7
19.Be3f4 e5
20.Bf4g5 h6
21.Nc3d5 Qc7a5
22.Bg5d2 Qa5a4
23.Nd5c3 Qa4c4
24.Bf3e2 Qc4e6
25.Be2g4 Qe6e7
26.Nc3d5 Qe7d8
27.Qd1c1 Nc6d4
28.Bd2xh6 Nd4e2
29.Bg4xe2 Rf8e8
30.c4 Re8e6
31.Bh6g5 f6
32.Bg5h6 g5
33.Bh6xg7 Kxg7
34.Be2g4 f5
35.Bg4xf5 Re6h6
36.Nd5e3 Nd7c5
37.Qc1d1 Nc5d7
38.Ne3g4 Rh6h8
39.Qd1a4 Nd7c5
40.Qa4d1 Qd8f8
41.Ng4e3 a6
42.Qd1g4 Kf6
43.Ne3d5 Kf7
44.f4 exf4
45.Qg4xg5 Rh8g8
46.Qg5xf4 Kg7
47.Qf4g4 Kf7
48.Bf5e6 Ke8
49.Be6xg8 Qf8h6
50.Nd5f6 Kd8
51.Rb1d1 Kc7
52.b4 Nc5a4
53.e5 Qh6e3
54.Kh1 Qe3xe5
55.Qg4d7 Kb6
56.Nf6d5 Ka7
57.Rd1e1 Qe5g3
58.Re1e7 Ra8b8
59.Qd7xa4 Qg3xg8
60.b5 Qg8c8
61.b6 Ka8
62.Nd5c7 { abandon }1-0

[Event "Défi"]
[Site "www.echecsemail.com"]
[Date "2026.02.12"]
[Round "1"]
[White "Tartu"]
[Black "Baloo"]
[WhiteElo "1700"]
[BlackElo "1510"]
[Result "1-0"]
1.d4 d5
2.c4 dxc4
3.e4 f6
4.Bf1xc4 Nb8c6
5.Ng1f3 b6
6.Bc1e3 Bc8b7
7.O-O Nc6a5
8.Bc4e2 Qd8b8
9.Nb1c3 Na5c4
10.Be2xc4 Qb8c8
11.Bc4xg8 Rh8xg8
12.Rf1e1 e6
13.Ra1c1 Bf8b4
14.a3 Bb4xc3
15.Rc1xc3 Bb7xe4
16.Nf3d2 Be4d5
17.Be3f4 e5
18.dxe5 Qc8e6
19.Rc3xc7 g5
20.exf6 Qe6xe1
21.Qd1xe1 Kd8
22.Qe1e7 1-0

[Event "Défi"]
[Site "www.echecsemail.com"]
[Date "2026.02.12"]
[Round "1"]
[White "Kiki38"]
[Black "Augustin"]
[WhiteElo "1480"]
[BlackElo "1470"]
[Result "1-0"]
1.e4 e5
2.Ng1f3 Nb8c6
3.Bf1c4 Nc6d4
4.Nf3xe5 Qd8g5
5.Ne5xf7 Qg5xg2
6.Nf7xh8 Qg2xh1
7.Bc4f1 b6
8.Qd1h5 Kd8
9.Nh8f7 Ke8
10.Nf7h8 Kd8
11.Qh5g5 Ng8e7
12.Qg5f4 Nd4xc2
13.Ke2 Bc8a6
14.d3 Nc2xa1
15.Qf4xf8 1-0

[Event "Défi( 10J+24H/c 10J Max )"]
[Site "www.echecsemail.com"]
[Date "2026.02.12"]
[Round "1"]
[White "Pandiculaire"]
[Black "Mick"]
[WhiteElo "1910"]
[BlackElo "1890"]
[Result "1-0"]
1.d4 d5
2.Ng1f3 Ng8f6
3.c4 e6
4.g3 Bf8e7
5.Bf1g2 O-O
6.O-O dxc4
7.Nf3e5 b5
8.Bg2xa8 { abandon }1-0

[Event "OAHU 2"]
[Site "www.echecsemail.com"]
[Date "2026.02.12"]
[Round "1"]
[White "Yab414"]
[Black "Casisimed"]
[WhiteElo "1640"]
[BlackElo "1650"]
[Result "1-0"]
1.e4 e5
2.Ng1f3 Nb8c6
3.a3 Ng8f6
4.d3 d5
5.exd5 Nf6xd5
6.Bc1d2 Bc8g4
7.Bf1e2 Bf8c5
8.c4 Nd5f4
9.Nb1c3 O-O
10.O-O Bg4xf3
11.Bd2xf4 Bf3xe2
12.Nc3xe2 exf4
13.Ne2xf4 Qd8d4
14.Nf4d5 Ra8c8
15.Qd1d2 Rf8e8
16.Qd2c3 Re8e2
17.Qc3xd4 Bc5xd4
18.Ra1b1 Nc6e5
19.Nd5e7 Kf8
20.Ne7xc8 Ne5g4
21.h3 Ng4e5
22.Kh1 Re2d2
23.b3 Rd2xd3
24.a4 Rd3d2
25.Rb1d1 Bd4c3
26.Rd1xd2 Bc3xd2
27.Rf1d1 Bd2g5
28.g3 f5
29.h4 Bg5f6
30.Nc8xa7 Ke7
31.Na7b5 c6
32.Nb5a7 g5
33.h5 f4
34.gxf4 gxf4
35.Rd1e1 Bf6h4
36.Re1xe5 Kd6
37.Re5f5 Bh4xf2
38.Na7c8 Kc7
39.Nc8e7 Kd6
40.Ne7c8 Kd7
41.Rf5xf4 Bf2e1
42.Nc8b6 Kd6
43.Kg2 Kc5
44.Nb6d7 Kb4
45.Rf4f3 Be1c3
46.Nd7f8 h6
47.Nf8d7 Kxb3
48.Nd7c5 Kxc4
49.Nc5xb7 Kb4
50.a5 Bc3d2
51.a6 Bd2c3
52.a7 c5
53.a8Q { abandon }1-0

[Event "Tournoi n27456"]
[Site "www.echecsemail.com"]
[Date "2026.02.12"]
[Round "1"]
[White "Mokanne"]
[Black "Tiounet"]
[WhiteElo "1430"]
[BlackElo "1630"]
[Result "0-1"]
1.e4 a6
2.Bf1c4 e6
3.Ng1f3 b5
4.Bc4b3 Bc8b7
5.d3 g6
6.c3 Bf8g7
7.O-O Ng8e7
8.Nb1d2 O-O
9.Rf1e1 c5
10.Bb3c2 Nb8c6
11.Ra1b1 d5
12.e5 Ne7f5
13.d4 cxd4
14.Bc2xf5 exf5
15.cxd4 Ra8c8
16.Nd2b3 Nc6b4
17.Rb1a1 Qd8b6
18.Re1e2 Nb4c6
19.Nb3c5 Bb7a8
20.Nc5d7 Qb6c7
21.Nd7xf8 Bg7xf8
22.Bc1f4 Qc7b6
23.a3 Nc6a5
24.b4 Na5c4
25.h3 Bf8g7
26.Re2c2 Rc8c6
27.Qd1c1 Qb6c7
28.Rc2e2 Nc4b6
29.Qc1d1 Nb6c4
30.Nf3d2 Nc4b6
31.Bf4g3 Rc6c2
32.Nd2b3 Rc2xe2
33.Qd1xe2 Nb6c4
34.Nb3c5 Qc7c8
35.f4 Bg7f8
36.Nc5d3 Bf8g7
37.Ra1c1 Qc8e6
38.Nd3c5 Qe6c6
39.Rc1a1 Bg7f8
40.a4 bxa4
41.Bg3e1 Bf8h6
42.g3 Nc4b6
43.e6 fxe6
44.Qe2xe6 Qc6xe6
45.Nc5xe6 Ba8c6
46.Ne6c5 Bc6b5
47.Be1c3 Bh6g7
48.Ra1e1 h5
49.h4 Nb6c4
50.Re1e6 Kh7
51.Re6e7 a3
52.Re7d7 a2
53.Rd7xd5 Nc4b6
54.Bc3a1 Nb6xd5
55.Nc5b3 Nd5xb4
56.Nb3c1 Nb4c2
57.Nc1xa2 Nc2xa1
58.Kf2 Bg7xd4
{ abandon }0-1

[Event "Tournoi n27446"]
[Site "www.echecsemail.com"]
[Date "2026.02.12"]
[Round "1"]
[White "Tiounet"]
[Black "Philoconche"]
[WhiteElo "1660"]
[BlackElo "1530"]
[Result "1-0"]
1.a3 d5
2.b4 e5
3.Bc1b2 d4
4.Ng1f3 Nb8c6
5.b5 e4
6.bxc6 exf3
7.exf3 bxc6
8.g3 Ng8f6
9.Bf1g2 Bc8b7
10.O-O c5
11.d3 Bf8d6
12.Rf1e1 Bd6e7
13.c3 a6
14.cxd4 cxd4
15.Nb1d2 O-O
16.Nd2b3 c5
17.Ra1c1 Rf8e8
18.Nb3xc5 Be7xc5
19.Rc1xc5 Ra8b8
20.Re1xe8 Qd8xe8
21.Bb2xd4 Nf6d7
22.Rc5c7 Nd7e5
23.Qd1e2 { abandon }1-0

[Event "Défi"]
[Site "www.echecsemail.com"]
[Date "2026.02.12"]
[Round "1"]
[White "Intrigue"]
[Black "Kaby771"]
[WhiteElo "1760"]
[BlackElo "1830"]
[Result "1-0"]
1.e4 d5
2.e5 d4
3.Bf1c4 Nb8c6
4.Qd1e2 Bc8f5
5.Ng1f3 Bf5xc2
6.O-O e6
7.Nb1a3 Bc2f5
8.d3 Ng8e7
9.Na3c2 Bf5g6
10.Bc1g5 Qd8d7
11.h3 O-O-O
12.Bc4b5 h6
13.Bg5xe7 Bf8xe7
14.Nf3xd4 Kb8
15.Bb5xc6 bxc6
16.Rf1d1 Be7c5
17.Nd4f3 f6
18.d4 Bc5e7
19.Ra1c1 Ka8
20.a3 Qd7c8
21.Nc2b4 Qc8b7
22.Nb4xc6 Rd8d7
23.b4 a6
24.Nc6xe7 Rd7xe7
25.Rc1c5 Rh8d8
26.Rc5a5 Bg6e4
27.Ra5xa6 Kb8
28.Ra6a5 Re7d7
29.Ra5b5 c6
30.Rb5xb7 Kxb7
31.Qe2xe4 f5
32.Qe4e3 g5
33.g3 Rd8f8
34.Qe3b3 Rd7e7
35.b5 Rf8c8
36.bxc6 Kxc6
37.Rd1c1 Kd7
38.Rc1xc8 Kxc8
39.d5 exd5
40.Qb3xd5 Re7c7
41.Nf3d4 f4
42.e6 fxg3
43.fxg3 Rc7c1
44.Kf2 Rc1b1
45.Qd5d7 { abandon }1-0

[Event "2801"]
[Site "www.echecsemail.com"]
[Date "2026.02.12"]
[Round "1"]
[White "Titit1"]
[Black "Katastrofic"]
[WhiteElo "1440"]
[BlackElo "1460"]
[Result "0-1"]
1.d4 d5
2.Ng1f3 e6
3.Bc1f4 a6
4.c4 Bf8e7
5.e3 dxc4
6.Bf1xc4 b5
7.Bc4d3 Bc8b7
8.O-O Ng8f6
9.Nb1c3 c5
10.e4 c4
11.Bd3c2 b4
12.Nc3e2 Nb8d7
13.e5 Nf6d5
14.Bf4g3 O-O
15.b3 c3
16.Qd1d3 g6
17.Rf1d1 a5
18.Qd3e4 Ra8b8
19.Qe4g4 Kh8
20.Ne2f4 Nd5xf4
21.Qg4xf4 f5
22.h4 Bb7xf3
23.Qf4xf3 Be7xh4
24.Bc2d3 Bh4xg3
25.Qf3xg3 Rf8g8
26.Rd1c1 Rg8g7
27.Bd3c4 Qd8e7
28.Rc1e1 Nd7b6
29.Bc4d3 Nb6d5
30.Bd3c2 Rb8f8
31.Ra1d1 f4
32.Qg3h3 Rf8f7
33.Re1e4 Rf7f5
34.Re4e1 Rf5g5
35.Re1e4 Rg5h5
36.Qh3g4 Qe7g5
37.Qg4xe6 Qg5h4
38.f3 Nd5e3
39.Re4xe3 fxe3
40.Bc2d3 Qh4h1
0-1

[Event "Défi"]
[Site "www.echecsemail.com"]
[Date "2026.02.12"]
[Round "1"]
[White "Bigoudi"]
[Black "Whisky"]
[WhiteElo "1060"]
[BlackElo "1290"]
[Result "0-1"]
1.Ng1f3 d6
2.g3 e5
3.Nb1c3 Bc8g4
4.h3 Bg4xf3
5.exf3 Ng8f6
6.Bf1b5 c6
7.Bb5c4 d5
8.Bc4e2 d4
9.Nc3a4 b5
10.Na4c5 Qd8b6
11.Nc5d3 Nb8d7
12.h4 Bf8e7
13.b3 c5
14.b4 c4
15.Nd3b2 Be7xb4
16.a3 c3
17.dxc3 Bb4xc3
18.Kf1 a5
19.h5 h6
20.Be2d3 O-O
21.g4 b4
22.f4 e4
23.Bd3c4 Nd7c5
24.Rh1h3 Ra8d8
25.f3 e3
26.Qd1e2 Rd8e8
27.f5 b3
28.f4 bxc2
29.Qe2xc2 Nf6e4
30.Bc4d5 Qb6b5
31.Kg2 e2
32.Rh3h1 d3
33.Qc2b1 e1Q
34.Rh1xe1 Bc3xe1
35.Bd5c4 Qb5b6
36.Bc4d5 Re8d8
37.g5 hxg5
38.Nb2c4 Qb6xb1
39.Ra1xb1 Rd8xd5
40.Bc1b2 Be1c3
41.Bb2c1 g4
42.Rb1b6 Nc5a4
43.h6 Na4xb6
44.hxg7 Kxg7
45.Nc4xb6 Rd5b5
46.Nb6d7 Rf8d8
47.f6 Ne4xf6
48.Nd7xf6 Kxf6
49.Bc1e3 Rb5b3
50.Kg3 Rb3xa3
51.Kxg4 Rd8g8
52.Kf3 Ra3a1
53.Ke4 Ra1d1
54.Be3f2 Rg8e8
55.Kf3 Kf5
56.Kg3 Ke4
57.Kg4 Re8g8
58.Kh4 Kxf4
59.Bf2c5 Rd1h1
0-1

[Event "Défi"]
[Site "www.echecsemail.com"]
[Date "2026.02.12"]
[Round "1"]
[White "Jlr"]
[Black "Speedyfil"]
[WhiteElo "1450"]
[BlackElo "1430"]
[Result "0-1"]
1.e4 d5
2.exd5 Qd8xd5
3.Nb1c3 Qd5a5
4.Bf1b5 Bc8d7
5.Bb5xd7 Nb8xd7
6.Ng1f3 Ng8f6
7.a3 e6
8.d3 Bf8e7
9.Bc1d2 c6
10.b4 Qa5c7
11.Qd1e2 h6
12.g3 O-O
13.Bd2f4 e5
14.Nf3xe5 Be7d6
15.d4 Nd7b6
16.O-O-O Nb6d5
17.Nc3e4 Nf6xe4
18.Qe2xe4 Nd5c3
19.Rd1d3 Nc3xe4
20.f3 Ne4f2
21.Ne5c4 Nf2xd3
22.cxd3 Bd6xf4
23.gxf4 Qc7xf4
24.Kc2 Qf4xf3
25.Rh1d1 Qf3e2
26.Rd1d2 Qe2e1
27.Nc4d6 Ra8d8
28.Nd6xb7 Rd8xd4
29.Nb7c5 Qe1a1
30.Kb3 Qa1b1
31.Ka4 Rf8a8
32.Ka5 Ra8b8
33.Nc5a6 Rb8b5
34.Ka4 Rd4xd3
35.Rd2e2 Qb1d1
{ abandon }0-1

[Event "IL ETAIT UNE FOIS"]
[Site "www.echecsemail.com"]
[Date "2026.02.12"]
[Round "1"]
[White "Katastrofic"]
[Black "Pgo"]
[WhiteElo "1490"]
[BlackElo "1720"]
[Result "0-1"]
1.e4 e5
2.Ng1f3 Nb8c6
3.Nb1c3 Ng8f6
4.a3 Bf8c5
5.b4 Bc5d4
6.Nf3xd4 Nc6xd4
7.d3 O-O
8.Nc3e2 Nd4xe2
9.Bf1xe2 Rf8e8
10.c4 d6
11.h3 h6
12.O-O a6
13.f4 c6
14.f5 b5
15.cxb5 axb5
16.a4 Qd8b6
17.Kh1 bxa4
18.Ra1xa4 Ra8xa4
19.Qd1xa4 Bc8d7
20.Bc1d2 c5
21.Rf1c1 Bd7xa4
{ abandon }0-1

[Event "Défi"]
[Site "www.echecsemail.com"]
[Date "2026.02.12"]
[Round "1"]
[White "Majula"]
[Black "Titit1"]
[WhiteElo "1620"]
[BlackElo "1460"]
[Result "1-0"]
1.d4 d5
2.c4 Ng8f6
3.Nb1c3 c6
4.c5 Bc8f5
5.Bc1f4 Nb8a6
6.a3 Na6c7
7.h3 Nc7b5
8.Nc3xb5 Qd8a5
9.Nb5c3 e6
10.e3 Nf6e4
11.Ng1e2 Ne4xc3
12.Ne2xc3 Bf8e7
13.g4 Bf5g6
14.Bf1d3 O-O
15.Bd3xg6 fxg6
16.O-O Qa5d8
17.Bf4g3 Be7f6
18.f4 Bf6h4
19.Qd1f3 Qd8e7
20.Kh2 g5
21.Bg3xh4 gxh4
22.g5 g6
23.Qf3g4 Rf8f7
24.Qg4xh4 Ra8f8
25.e4 Qe7c7
26.e5 a6
27.b4 b6
28.Qh4g4 Rf7e7
29.h4 bxc5
30.bxc5 Qc7a5
31.Rf1c1 Qa5d8
32.Kg3 Qd8d7
33.Nc3a4 Re7f7
34.Rc1f1 Rf7f5
35.h5 Qd7c7
36.hxg6 hxg6
37.Na4b6 Rf8f7
38.Ra1b1 Qc7d8
39.Rf1f2 Qd8c7
40.Rb1h1 Rf7h7
41.Rh1xh7 Qc7xh7
42.Rf2h2 Qh7a7
43.Qg4h4 Rf5f7
44.Qh4h8 1-0

[Event "Défi"]
[Site "www.echecsemail.com"]
[Date "2026.02.12"]
[Round "1"]
[White "Albescab"]
[Black "Lancov"]
[WhiteElo "1630"]
[BlackElo "1940"]
[Result "0-1"]
1.e4 d6
2.Bf1c4 Ng8f6
3.d3 g6
4.Bc1g5 Bf8g7
5.Ng1f3 O-O
6.Nb1c3 c6
7.O-O b5
8.Bc4b3 a5
9.a4 b4
10.Nc3e2 Bc8g4
11.Nf3d4 c5
12.Nd4b5 Nb8c6
13.h3 Bg4xe2
14.Qd1xe2 Nc6a7
15.d4 Na7xb5
16.axb5 Qd8c7
17.c3 Qc7b7
18.Bg5xf6 Bg7xf6
19.Bb3d5 Qb7b8
20.Bd5xa8 Qb8xa8
21.e5 dxe5
22.dxe5 Bf6g7
23.c4 e6
24.Rf1d1 a4
25.b3 a3
26.f4 Rf8c8
27.Rd1d7 Qa8b8
28.Qe2d2 g5
29.g3 Qb8a8
30.b6 Qa8f3
31.Rd7d3 Qf3b7
32.Rd3d6 Bg7f8
33.Rd6d8 Rc8c6
34.Ra1d1 Qb7xb6
35.f5 exf5
36.Qd2xg5 Rc6g6
37.Qg5h4 Qb6b7
38.Rd8d5 a2
39.Kh2 Bf8e7
40.Qh4f4 Qb7a6
41.Rd1a1 Qa6a3
42.Rd5d2 Be7g5
43.Rd2xa2 Qa3xa2
44.Ra1xa2 Bg5xf4
45.gxf4 Rg6c6
46.h4 Kg7
47.Kh3 f6
48.h5 fxe5
49.fxe5 h6
50.Ra2g2 Kf7
51.Kg3 Rc6a6
52.Kf4 Ra6a3
53.Rg2g3 Ke6
54.Rg3g6 Kf7
55.Rg6c6 Ra3xb3
56.e6 Ke7
57.Kxf5 Rb3f3
58.Kg6 Rf3f6
59.Kg7 Rf6xe6
60.Rc6xc5 Re6b6
61.Rc5c7 Kd6
62.Rc7f7 Kc5
63.Rf7c7 Rb6c6
64.Rc7b7 Kxc4
65.Kf7 b3
66.Ke7 Kc3
67.Kd7 Rc6c4
68.Ke7 Kc2
69.Kf7 b2
70.Kg7 Rc4c6
71.Rb7b4 b1Q
72.Rb4xb1 Kxb1
73.Kh7 Kc2
74.Kg7 Kd3
75.Kf7 Ke4
76.Ke7 Kf5
77.Kd7 Rc6a6
78.Ke7 Kg5
79.Kf7 Kxh5
80.Kg7 Kg5
81.Kh7 h5
{ abandon }0-1

[Event "Défi"]
[Site "www.echecsemail.com"]
[Date "2026.02.12"]
[Round "1"]
[White "Petitlulu64"]
[Black "Pj612"]
[WhiteElo "1710"]
[BlackElo "1710"]
[Result "1-0"]
1.d4 d5
2.e3 Ng8f6
3.Nb1c3 e6
4.Ng1f3 Bf8b4
5.Bc1d2 a6
6.a3 Bb4d6
7.Bf1d3 O-O
8.O-O Rf8e8
9.Rf1e1 b5
10.Nc3a2 e5
11.dxe5 Bd6xe5
12.Bd2c3 Nb8c6
13.Bc3xe5 Nc6xe5
14.Bd3e2 c5
15.c3 h6
16.Na2c1 c4
17.Qd1d4 Ne5xf3
18.Be2xf3 Bc8b7
19.b3 Nf6e4
20.bxc4 dxc4
21.Bf3xe4 Qd8xd4
22.exd4 Bb7xe4
23.f3 Be4d5
24.Nc1a2 a5
25.h4 Bd5e6
26.Ra1d1 Be6d5
27.Kf2 Kf8
28.g4 Ra8a6
29.Re1xe8 Kxe8
30.Rd1e1 Kd7
31.Re1e5 Kd6
32.h5 f6
33.Re5e8 Kd7
34.Re8b8 Bd5c6
35.Rb8g8 Ke6
36.Rg8xg7 Ra6a8
37.Rg7g6 Ra8h8
38.f4 Kf7
39.f5 Bc6e4
40.Ke3 Be4d5
41.Na2c1 Ke7
42.Nc1e2 Rh8h7
43.Ne2f4 Bd5f7
44.Ke4 Bf7xg6
45.fxg6 Rh7h8
46.Nf4d5 Ke6
47.Nd5c7 Kd7
48.Nc7xb5 Rh8b8
49.a4 Kc6
50.Kf5 Kd7
51.Kxf6 Ke8
52.Kg7 Rb8b7
53.Kxh6 Kf8
54.Kg5 Kg8
55.h6 Rb7b6
56.Kf5 Rb6b8
57.h7 Kg7
58.g5 Rb8b6
59.Nb5c7 Rb6xg6
60.h8Q { abandon }1-0

[Event "0502"]
[Site "www.echecsemail.com"]
[Date "2026.02.12"]
[Round "1"]
[White "Katastrofic"]
[Black "Turbo"]
[WhiteElo "1490"]
[BlackElo "1380"]
[Result "1-0"]
1.e4 e5
2.Bf1c4 Ng8f6
3.d3 Bf8c5
4.h3 O-O
5.Ng1f3 a6
6.O-O b5
7.Bc4b3 Nb8c6
8.a3 Nc6d4
9.Nf3xd4 Bc5xd4
10.c3 Bd4a7
11.c4 Ba7b8
12.Bb3a2 h6
13.c5 Qd8e7
14.b4 Bc8b7
15.Bc1b2 d6
16.cxd6 cxd6
17.Nb1c3 d5
18.exd5 Qe7d6
19.Rf1e1 e4
20.dxe4 Qd6f4
21.g3 Qf4c7
22.e5 Nf6e8
23.d6 Qc7d7
24.Ba2d5 Bb7xd5
25.Nc3xd5 Bb8a7
26.Bb2d4 Ba7b8
27.Nd5b6 Qd7a7
28.Nb6xa8 Qa7xa8
29.Bd4c5 Ne8xd6
30.exd6 Rf8d8
31.d7 Qa8a7
32.Re1e8 { abandon }1-0

[Event "GIRL"]
[Site "www.echecsemail.com"]
[Date "2026.02.12"]
[Round "1"]
[White "Casisimed"]
[Black "Tartu"]
[WhiteElo "1620"]
[BlackElo "1720"]
[Result "1-0"]
1.e4 e5
2.Ng1f3 Nb8c6
3.Nb1c3 Ng8f6
4.Bf1c4 Bf8e7
5.O-O O-O
6.Rf1e1 d6
7.d4 Bc8g4
8.d5 Nc6a5
9.Bc4b3 Na5xb3
10.axb3 a6
11.h3 Bg4xf3
12.Qd1xf3 h6
13.Qf3g3 Kh8
14.f4 exf4
15.Qg3xf4 Rf8e8
16.e5 dxe5
17.Qf4e3 Be7d6
18.Nc3e4 Nf6xe4
19.Qe3xe4 Qd8d7
20.c4 Ra8d8
21.Bc1e3 f5
22.Qe4h4 f4
23.Be3d2 Bd6e7
24.Qh4h5 Re8f8
25.Qh5xe5 Be7d6
26.Qe5e6 Rd8e8
27.Qe6xd7 { abandon }1-0

[Event "Eq:au plaisir du jeux -Vikings :"]
[Site "www.echecsemail.com"]
[Date "2026.02.12"]
[Round "1"]
[White "Seb"]
[Black "Air-3-bud"]
[WhiteElo "1920"]
[BlackElo "1850"]
[Result "1-0"]
1.d4 d5
2.Nb1c3 e6
3.Bc1f4 a6
4.e3 Ng8e7
5.Ng1f3 Nb8c6
6.a3 Ne7g6
7.Bf4g3 Bf8d6
8.Bf1e2 O-O
9.Be2d3 Nc6e7
10.Nc3e2 b6
11.Nf3e5 Bc8b7
12.O-O f6
13.Ne5xg6 Ne7xg6
14.f4 f5
15.c4 c6
16.b4 c5
17.Qd1b3 b5
18.dxc5 dxc4
19.Qb3c3 Bd6e7
20.Bd3c2 Be7f6
21.Ne2d4 Qd8d5
22.Rf1f2 Ng6h4
23.Bg3xh4 Bf6xh4
24.Rf2f3 Bh4f6
25.Ra1d1 Bf6xd4
26.Rd1xd4 Qd5c6
27.Rd4d6 Qc6e8
28.Rf3g3 Rf8f7
29.Qc3e5 g6
30.Rd6xe6 Rf7f8
31.Re6xe8 Ra8xe8
32.Qe5c3 { abandon }1-0